Thermal modeling of petroleum generation : theory and applications /

Guardado en:
Autor Principal: Barker, Colin.
Formato: Libro
Idioma:English
Publicado: Amsterdam : Elsevier, 1996.
Series:Developments in Petroleum Science, 45
Materias:
Etiquetas: Agregar Etiqueta
Sin Etiquetas, Sea el primero en etiquetar este registro!
LEADER 00669nam a22002175a 4500
001 EUN.um068277
003 AR-BaUNS
005 20050623122932.0
008 041125s1996####ne#a##########000#0#eng#d
245 1 0 |a Thermal modeling of petroleum generation :  |b theory and applications /  |c Colin Barker. 
260 |a Amsterdam :  |b Elsevier,  |c 1996. 
300 |a xiii, 512 p. :  |b il. ;  |c 24 cm. . 
490 0 |a Developments in Petroleum Science, 45 
020 |a 0444820302 
100 1 |a Barker, Colin. 
082 0 4 |a 553.28 
653 |a Petroleo 
653 |a Geologia 
653 |a Geologia del petroleo 
653 |a Rocas 
859 |a Ar-BaUNS  |b BIB. CENTRAL - Sector A  |h 553.8  |i B241  |p 111676/000